000 02729cam a22003374a 4500
001 13134877
003 OSt
005 20150520181858.0
008 030324s2003 ja b 001 0 eng
010 _a 2003006856
020 _a9280810863
040 _aDLC
_cDLC
_dDLC
042 _apcc
050 0 0 _aJV6346.R4
_bR45 2003
082 0 0 _a305.906914
_221
_bREF 2003
245 0 0 _aRefugees and forced displacement :
_binternational security, human vulnerability, and the state /
_cEdward Newman and Joanne van Selm, editors.
260 _aTokyo ;
_aNew York :
_bUnited Nations University Press,
_c2003.
300 _ax, 391 p. ;
_c24 cm.
504 _aIncludes bibliographical references and index.
505 0 _aRefugees, international security, and human vulnerability : introduction and survey / Edward Newman -- Refugees as grounds for international action / Gil Loescher -- Refugees and human displacement in contemporary international relations : reconciling state and individual sovereignty / Gary G. Troeller -- Refugee protection policies and security issues / Joanne Van Selm -- Human security and the protection of refugees / Astri Suhrke -- Thinking ethically about refugees : a case for the transformation of global governance / Mervyn Frost -- The early warning of forced migration : state or human security? / Susanne Schmeidl -- Towards a protection regime for internally displaced persons / Erin D. Mooney -- Reconciling control and compassion? : human smuggling and the right to asylum / Khalid Koser -- Post-conflict peace-building and the return of refugees : concepts, practices, and institutions / B.S. Chimni -- The long-term challenges of conflict reconstruction and reintegration : case-studies of Haiti and Bosnia-Herzegovina / Patricia Weiss Fagen -- Sovereignty, gender, and displacement / Julie Mertus -- Securitizing sovereignty? : states, refugees, and the regionalization of international law / Gregor Noll -- A new tower of Babel? : reappraising the architecture of refugee protection / William Maley -- Distance makes the heart grow fonder : media images of refugees and asylum seekers / Peter Mares.
650 0 _aRefugees.
_91772
650 0 _aForced migration.
_94766
650 0 _aSecurity, International.
_91008
650 0 _aRefugees
_xLegal status, laws, etc.
_94767
700 1 _aNewman, Edward,
_d1970-
_94768
700 1 _aSelm, Joanne van.
_94769
856 4 1 _3Table of contents
_uhttp://www.loc.gov/catdir/toc/ecip041/2003006856.html
906 _a7
_bcbc
_corignew
_d1
_eecip
_f20
_gy-gencatlg
942 _2ddc
_cSLOAN
999 _c1811
_d1811